书目信息 |
| 题名: |
少女时尚生活百科
|
|
| 作者: | ;《新生活》编辑部 编撰 | |
| 分册: | ||
| 出版信息: | 延吉 延边人民出版社 2001 |
|
| 页数: | 410页 | |
| 开本: | 21cm | |
| 丛书名: | 新世纪新生活百科丛书 | |
| 单 册: | ||
| 中图分类: | D442.64 , Z228.2 | |
| 科图分类: | ||
| 主题词: | 姑娘--生活--知识 , 姑娘 , 生活 , 百科全书--中国 | |
| 电子资源: | ||
| ISBN: | 7-80648-687-9 | |
| 000 | 00921oam2 2200289 450 | |
| 001 | 1570765874 | |
| 005 | 20151110120850.39 | |
| 010 | @a7-80648-687-9@dCNY19.00 | |
| 100 | @a20020124d2001 em y0chiy0110 ea | |
| 101 | 0 | @achi |
| 102 | @aCN@b220000 | |
| 105 | @aa z 000yy | |
| 200 | 1 | @a少女时尚生活百科@9shao nv shi shang sheng huo bai ke@f《新生活》编辑部编撰 |
| 210 | @a延吉@c延边人民出版社@d2001 | |
| 215 | @a410页@c图@d21cm | |
| 225 | 2 | @a新世纪新生活百科丛书 |
| 330 | @a本书主要内容包括:十分钟自我测试;青春如歌——魅与美;人际斑马线——社交;夜莺的歌唱——口才;恋爱翘翘板等。 | |
| 461 | 0 | @12001 @a新世纪新生活百科丛书 |
| 606 | 0 | @a姑娘@x生活@x知识 |
| 606 | 0 | @a姑娘 |
| 606 | 0 | @a生活 |
| 606 | 0 | @a百科全书@x中国 |
| 690 | @aD442.64@v5 | |
| 690 | @aZ228.2@v4 | |
| 711 | 02 | @a《新生活》编辑部@9《 xin sheng huo 》 bian ji bu@4编撰 |
| 801 | 0 | @aCN@bTSSF@c20150204 |
| 905 | @aZUCC@dZ228.2@eJY23 | |
| 少女时尚生活百科/《新生活》编辑部编撰.-延吉:延边人民出版社,2001 |
| 410页:图;21cm.-(新世纪新生活百科丛书) |
| ISBN 7-80648-687-9:CNY19.00 |
| 本书主要内容包括:十分钟自我测试;青春如歌——魅与美;人际斑马线——社交;夜莺的歌唱——口才;恋爱翘翘板等。 |
| ● |
| 相关链接 |
|
|
|
|
正题名:少女时尚生活百科
索取号:Z228.2/JY23
 
预约/预借
| 序号 | 登录号 | 条形码 | 馆藏地/架位号 | 状态 | 备注 |
| 1 | 7865641 | 278656410 | 学院路分馆/ [索取号:Z228.2/JY23] | 在馆 | |
| 2 | 7865642 | 278656429 | 学院路分馆/ [索取号:Z228.2/JY23] | 在馆 |